000 00436nam a2200157 i 4500
001 60679
003 ES-MaACL
005 20230906164302.0
007 t|
008 031105s1973 sp ||||1| spa d
100 1 _aEsteva Fabregat, Claudio.
_948122
245 1 0 _aAntropología industrial /
_cClaudio Esteva Fabregat.
260 _aBarcelona :
_bPlaneta,
_c[1973]
300 _a216 p. ;
_c20 cm.
852 _aES-MaACL
_jC-55658
_bR.88227
999 _c60679
_d60679